| 000 | 00715cam a2200265Ii 4500 | ||
|---|---|---|---|
| 999 |
_c1204 _d1204 |
||
| 001 | 583022 | ||
| 003 | OSt | ||
| 005 | 20180908125439.0 | ||
| 008 | 781215s1974 enk 000 0aeng d | ||
| 020 | _a0340192380 | ||
| 035 | _a(OCoLC)ocm04456801 | ||
| 035 | _a(OCoLC)ocm04456801 | ||
| 040 |
_aOKO _cOKO |
||
| 049 | _aPTSS | ||
| 082 |
_a283.09 _bU79W |
||
| 090 |
_aBX5195.L48 _bS348 1974 |
||
| 100 | 1 | _aUrquhart, Colin. | |
| 245 | 1 | 0 |
_aWhen the Spirit comes / _cColin Urquhart. |
| 260 |
_aLondon : _bHodder and Stoughton, _cc1974. |
||
| 300 |
_a127 p. ; _c18 cm. |
||
| 600 | 1 | 0 | _aUrquhart, Colin. |
| 610 | 2 | 0 | _aSt. Hugh's Anglican Church (Lewsey, Bedfordshire) |
| 650 | 0 | _aPentecostalism. | |
| 942 |
_2ddc _cBK |
||